[Event "EU-chT Seniors 65"]
[Site "Novi Sad"]
[Date "2017.07.02"]
[Round "8.4"]
[White "Mundal, Arnold"]
[Black "Mashayekh, Majid"]
[Result "1-0"]
[WhiteElo "1928"]
[BlackElo "1919"]
[PlyCount "81"]
[EventDate "2017.06.25"]
[EventType "team-tourn"]
[EventRounds "9"]
[EventCountry "SRB"]
[SourceTitle "CBM 179 Extra"]
[Source "ChessBase"]
[SourceDate "2017.08.23"]
[SourceVersion "1"]
[SourceVersionDate "2017.08.23"]
[SourceQuality "1"]
[WhiteTeam "Norway 65"]
[BlackTeam "England 65"]
[WhiteTeamCountry "NOR"]
[BlackTeamCountry "ENG"]

1. Nf3 Nf6 2. d4 e6 3. Bg5 d5 4. e3 Be7 5. Bd3 h6 6. Bh4 Nbd7 7. Nbd2 c5 8. c3 Qb6 9. Qc2 cxd4 10. exd4 Qc7 11. 0-0 b6 12. Rae1 Bd6 13. Bg3 Bxg3 14. hxg3 0-0 15. Ne5 Bb7 16. f4 Nxe5 17. fxe5 Ne8 18. g4 Qe7 19. Nf3 g5 20. Rf2 Kg7 21. Rfe2 Nc7 22. Nd2 Rac8 23. Nf1 f6 24. Ng3 fxe5 25. Rxe5 Qd7 26. Bh7 Kh8 27. Bg6 Rf4 28. Nh5 Rcf8 29. Nxf4 Rxf4 30. Qe2 Qg7 31. Bf5 exf5 32. Re7 Re4 33. Rxg7 Kxg7 34. Qf2 fxg4 35. Rf1 Rf4 36. Qe1 Re4 37. Qg3 Ne8 38. Qb8 Re7 39. Qxa7 Nf6 40. Qxb6 Ne4 41. Qd8 1-0

[Event "EU-chT Seniors 65"]
[Site "Novi Sad"]
[Date "2017.06.28"]
[Round "4.2"]
[White "Mundal, Arnold"]
[Black "Pushkov, Nikolai"]
[Result "0-1"]
[WhiteElo "1928"]
[BlackElo "2339"]
[PlyCount "120"]
[EventDate "2017.06.25"]
[EventType "team-tourn"]
[EventRounds "9"]
[EventCountry "SRB"]
[SourceTitle "CBM 179 Extra"]
[Source "ChessBase"]
[SourceDate "2017.08.23"]
[SourceVersion "1"]
[SourceVersionDate "2017.08.23"]
[SourceQuality "1"]
[WhiteTeam "Norway 65"]
[BlackTeam "Russia 65"]
[WhiteTeamCountry "NOR"]
[BlackTeamCountry "RUS"]

1. Nf3 e6 2. d4 f5 3. c4 Nf6 4. Nc3 Bb4 5. Bd2 0-0 6. Qb3 a5 7. a3 Bxc3 8. Bxc3 Ne4 9. e3 b6 10. Be2 Bb7 11. 0-0 d6 12. Rad1 Qe7 13. Kh1 Nd7 14. Nd2 a4 15. Qc2 Nxc3 16. Qxc3 e5 17. Rde1 Rf6 18. f3 Rh6 19. g3 Re8 20. Bd1 exd4 21. Qxd4 Nc5 22. Bc2 Re6 23. Bxf5 Rxe3 24. Rxe3 Qxe3 25. Qxe3 Rxe3 26. Kg2 Nd3 27. Bxd3 Rxd3 28. Rf2 Ba6 29. f4 Rd4 30. Kf3 Bxc4 31. Nxc4 Rxc4 32. g4 Kf7 33. Re2 b5 34. f5 d5 35. g5 c5 36. Rd2 d4 37. Ke4 Rc1 38. Kd5 g6 39. f6 Rf1 40. h4 h6 41. Kc6 hxg5 42. hxg5 Rf5 43. Kxb5 Rxg5 44. Kxa4 Kxf6 45. Kb5 Ke6 46. a4 Kd5 47. a5 Rg1 48. a6 c4 49. a7 Ra1 50. Kb6 d3 51. Rg2 Kd4 52. Rxg6 d2 53. Rg8 Kd3 54. Rg3+ Kc2 55. Ra3 Rxa3 56. bxa3 d1Q 57. a8Q Qd4+ 58. Kb5 c3 59. Qh1 Kb2 60. Qf1 c2 0-1

[Event "EU-chT Seniors 65"]
[Site "Novi Sad"]
[Date "2017.06.27"]
[Round "3.3"]
[White "Cabarkapa, Spasoje"]
[Black "Mundal, Arnold"]
[Result "1-0"]
[WhiteElo "2229"]
[BlackElo "1928"]
[PlyCount "105"]
[EventDate "2017.06.25"]
[EventType "team-tourn"]
[EventRounds "9"]
[EventCountry "SRB"]
[SourceTitle "CBM 179 Extra"]
[Source "ChessBase"]
[SourceDate "2017.08.23"]
[SourceVersion "1"]
[SourceVersionDate "2017.08.23"]
[SourceQuality "1"]
[WhiteTeam "Serbia Gerontologic Centar 65"]
[BlackTeam "Norway 65"]
[WhiteTeamCountry "SRB"]
[BlackTeamCountry "NOR"]

1. e4 c5 2. Nf3 Nc6 3. c3 d5 4. exd5 Qxd5 5. d4 e5 6. Be3 cxd4 7. cxd4 Bb4+ 8. Nc3 exd4 9. Nxd4 Bxc3+ 10. bxc3 Nge7 11. Nb5 Qe5 12. Qd6 Qxd6 13. Nxd6+ Kf8 14. Bc4 Ne5 15. Bb3 Nf5 16. Nxf5 Bxf5 17. 0-0 h6 18. Rfd1 Nc6 19. Ba4 Ke7 20. Bc5+ Kf6 21. Rd6+ Be6 22. Bxc6 bxc6 23. Rxc6 Rhc8 24. Rxc8 Rxc8 25. Bxa7 Ke7 26. Bd4 g6 27. Kf1 Bc4+ 28. Ke1 Rc6 29. a4 Re6+ 30. Be3 Kd7 31. Rd1+ Kc7 32. Rd4 Ba6 33. Kd2 h5 34. Kc2 Rc6 35. Kb3 Bc8 36. Bf4+ Kb6 37. Kb4 Be6 38. c4 Ka6 39. c5 Kb7 40. h3 Ka6 41. Rd8 Kb7 42. Kb5 Rc8 43. Rd6 Rc6 44. Rd8 Rc8 45. c6+ Ka7 46. Be3+ Ka8 47. Rxc8+ Bxc8 48. Kb6 Be6 49. h4 Kb8 50. Bf4+ Ka8 51. a5 Bf5 52. a6 Bc8 53. Kc7 1-0

[Event "EU-chT Seniors 65"]
[Site "Novi Sad"]
[Date "2017.06.26"]
[Round "2.1"]
[White "Mundal, Arnold"]
[Black "Ranki, Martti"]
[Result "0-1"]
[WhiteElo "1928"]
[BlackElo "1922"]
[PlyCount "102"]
[EventDate "2017.06.25"]
[EventType "team-tourn"]
[EventRounds "9"]
[EventCountry "SRB"]
[SourceTitle "CBM 179 Extra"]
[Source "ChessBase"]
[SourceDate "2017.08.23"]
[SourceVersion "1"]
[SourceVersionDate "2017.08.23"]
[SourceQuality "1"]
[WhiteTeam "Norway 65"]
[BlackTeam "Finland Turku 65"]
[WhiteTeamCountry "NOR"]
[BlackTeamCountry "FIN"]

1. d4 d5 2. Nf3 Nf6 3. Bg5 Nbd7 4. e3 h6 5. Bh4 e6 6. Bd3 Be7 7. 0-0 0-0 8. Nbd2 c5 9. c3 b6 10. Re1 Bb7 11. a4 Ne4 12. Bxe7 Qxe7 13. Qe2 e5 14. Bb5 Nxd2 15. Nxd2 e4 16. a5 Nf6 17. a6 Bc8 18. f3 Rb8 19. fxe4 dxe4 20. Nc4 Be6 21. Ne5 Bd5 22. Rf1 Rbd8 23. Bc6 Rd6 24. Qb5 Bxc6 25. Nxc6 Qd7 26. Nxa7 Qxa7 27. dxc5 bxc5 28. Rad1 Rxa6 29. h3 Rb8 30. Qe2 Rab6 31. Rd2 Qb7 32. Rf2 Qc7 33. Rf4 Rd6 34. Rxd6 Qxd6 35. Rf1 Rd8 36. Re1 Qd2 37. Kf2 c4 38. Ra1 Qd3 39. Ra4 Rc8 40. Rb4 Rc5 41. Ke1 Kh7 42. Ra4 Nd5 43. Kf2 Nf6 44. Ke1 Qxe2+ 45. Kxe2 Nd5 46. Kd2 f5 47. Ra6 Rb5 48. Ra2 g5 49. g3 Kg6 50. b4 cxb3 51. Rb2 Nb6 0-1

[Event "NOR-ch Seniors-A"]
[Site "Oslo"]
[Date "2015.07.09"]
[Round "7"]
[White "Kjolberg, Lars"]
[Black "Mundal, Arnold"]
[Result "1-0"]
[WhiteElo "2101"]
[BlackElo "1746"]
[PlyCount "81"]
[EventDate "2015.07.04"]
[EventType "swiss"]
[EventRounds "9"]
[EventCountry "NOR"]
[SourceTitle "EXT 2017"]
[Source "ChessBase"]
[SourceDate "2016.10.25"]
[SourceVersion "1"]
[SourceVersionDate "2016.10.25"]
[SourceQuality "1"]

1. d4 Nf6 2. c4 g6 3. Nf3 Bg7 4. Nc3 d5 5. Bg5 c6 6. e3 0-0 7. Bd3 e6 8. 0-0 Nbd7 9. Qc2 dxc4 10. Bxc4 Nb6 11. Be2 Nbd5 12. e4 Nxc3 13. bxc3 Qc7 14. e5 Nd5 15. c4 Nb6 16. a4 a5 17. Rab1 Re8 18. Qb3 Nd7 19. c5 f6 20. exf6 Nxf6 21. Bh4 Qd7 22. Bc4 Nd5 23. Bg3 Qf7 24. Rfe1 Qf5 25. Bd3 Qg4 26. Re4 Qf5 27. Rbe1 Qf8 28. Bd6 Qf6 29. Be5 Qe7 30. g3 Bxe5 31. Rxe5 Bd7 32. Ng5 Qf6 33. Bf1 Rab8 34. Bh3 b6 35. Qc2 b5 36. axb5 Rxb5 37. Ne4 Qf3 38. Nd6 Nf4 39. Bf1 Rf8 40. Nxb5 cxb5 41. R1e3 1-0

[Event "NOR-ch Seniors-A"]
[Site "Oslo"]
[Date "2015.07.08"]
[Round "6"]
[White "Mundal, Arnold"]
[Black "Skogheim, Ole Morten"]
[Result "1-0"]
[WhiteElo "1746"]
[BlackElo "1863"]
[PlyCount "49"]
[EventDate "2015.07.04"]
[EventType "swiss"]
[EventRounds "9"]
[EventCountry "NOR"]
[SourceTitle "EXT 2017"]
[Source "ChessBase"]
[SourceDate "2016.10.25"]
[SourceVersion "1"]
[SourceVersionDate "2016.10.25"]
[SourceQuality "1"]

1. Nf3 Nf6 2. d4 g6 3. Bg5 Bg7 4. e3 0-0 5. Nbd2 d5 6. Bd3 Nbd7 7. 0-0 c5 8. c3 Re8 9. e4 cxd4 10. cxd4 dxe4 11. Nxe4 Nxe4 12. Bxe4 Nf6 13. Bc2 Qb6 14. Bb3 Bg4 15. Be3 Rad8 16. h3 Bc8 17. Ne5 e6 18. Qf3 h6 19. Rfd1 Qd6 20. Rac1 Qe7 21. Ng4 Nxg4 22. Qxg4 e5 23. Qxg6 Rd6 24. Qg3 Rg6 25. Qxg6 1-0

[Event "NOR-ch Seniors-A"]
[Site "Oslo"]
[Date "2015.07.06"]
[Round "3"]
[White "Synnestvedt, Jan"]
[Black "Mundal, Arnold"]
[Result "1/2-1/2"]
[WhiteElo "1867"]
[BlackElo "1746"]
[PlyCount "108"]
[EventDate "2015.07.04"]
[EventType "swiss"]
[EventRounds "9"]
[EventCountry "NOR"]
[SourceTitle "EXT 2017"]
[Source "ChessBase"]
[SourceDate "2016.10.25"]
[SourceVersion "1"]
[SourceVersionDate "2016.10.25"]
[SourceQuality "1"]

1. d4 Nf6 2. Nf3 g6 3. Bf4 Bg7 4. c4 d6 5. Nc3 Nbd7 6. Qd2 c5 7. Bh6 0-0 8. Bxg7 Kxg7 9. g3 cxd4 10. Qxd4 Qb6 11. b3 Qxd4 12. Nxd4 a6 13. Bg2 Rb8 14. 0-0 Nc5 15. Rfe1 Bd7 16. e4 Nd3 17. Re3 Nb4 18. a3 e5 19. Nf5+ gxf5 20. axb4 fxe4 21. Nxe4 Nxe4 22. Bxe4 f5 23. Bg2 Rf6 24. Bd5 f4 25. Rd3 Bf5 26. Rd2 fxg3 27. hxg3 Bg4 28. Be4 Bf3 29. Bxf3 Rxf3 30. Rb1 Rd8 31. Rd5 Rdf8 32. Rb2 R8f6 33. b5 e4 34. bxa6 bxa6 35. Rg5+ Kf7 36. b4 e3 37. fxe3 Rxe3 38. b5 axb5 39. cxb5 Rff3 40. b6 Rxg3+ 41. Rxg3 Rxg3+ 42. Kf2 Rg8 43. Ke3 Ke6 44. Kd4 Rb8 45. Kc4 Kd7 46. Kb5 d5 47. Rh2 Rd8 48. Rxh7+ Kc8 49. Kc6 d4 50. Rh2 Kb8 51. Rd2 d3 52. b7 Rh8 53. Rxd3 Rh6+ 54. Kb5 Kxb7 1/2-1/2

[Event "EU-chT Seniors"]
[Site "Sibenik"]
[Date "2014.04.06"]
[Round "6.11"]
[White "Mundal, Arnold"]
[Black "Fleuch, Hans Juergen"]
[Result "0-1"]
[WhiteElo "1937"]
[BlackElo "2064"]
[PlyCount "72"]
[EventDate "2014.04.01"]
[EventType "team-swiss"]
[EventRounds "9"]
[EventCountry "CRO"]
[SourceTitle "CBM 159 Extra"]
[Source "ChessBase"]
[SourceDate "2014.04.24"]
[SourceVersion "1"]
[SourceVersionDate "2014.04.24"]
[SourceQuality "1"]
[WhiteTeam "Norway Seniors"]
[BlackTeam "Germany Stiftung BSW/DBAG Seniors"]
[WhiteTeamCountry "NOR"]
[BlackTeamCountry "GER"]

1. Nf3 Nf6 2. d4 d6 3. Bg5 g6 4. c4 Bg7 5. Nc3 c6 6. e4 Qc7 7. Rc1 Nbd7 8. Be2 h6 9. Bf4 e5 10. Bg3 Nh5 11. dxe5 dxe5 12. 0-0 Nxg3 13. hxg3 0-0 14. b4 a5 15. b5 Nc5 16. Qc2 Be6 17. Na4 Qe7 18. Nd2 Nxa4 19. Qxa4 Qb4 20. Qc2 a4 21. Rb1 Qc5 22. Rfc1 Rfd8 23. Nf3 Rd7 24. Rd1 Rxd1+ 25. Qxd1 Bxc4 26. bxc6 Qxc6 27. Bxc4 Qxc4 28. Rxb7 Qxa2 29. Qd7 a3 30. Qc6 Qe6 31. Qxe6 fxe6 32. Rb1 a2 33. Ra1 Bf8 34. Nd2 Bb4 35. Nb3 Bc3 36. Rd1 Rb8 0-1

[Event "EU-chT Seniors 15th"]
[Site "Dresden"]
[Date "2013.07.21"]
[Round "2"]
[White "Lyly, Seppo"]
[Black "Mundal, Arnold"]
[Result "0-1"]
[WhiteElo "1893"]
[BlackElo "1937"]
[PlyCount "80"]
[EventDate "2013.07.20"]
[EventType "team-swiss"]
[EventRounds "9"]
[EventCountry "GER"]
[SourceTitle "CBM 155 Extra"]
[Source "ChessBase"]
[SourceDate "2013.08.26"]
[SourceVersion "1"]
[SourceVersionDate "2013.08.26"]
[SourceQuality "1"]
[WhiteTeam "Helsinki"]
[BlackTeam "Blindern Oldtimers"]
[WhiteTeamCountry "FIN"]
[BlackTeamCountry "NOR"]

1. e4 e6 2. d3 b6 3. Nd2 Bb7 4. Ngf3 c5 5. g3 d5 6. e5 Nc6 7. Bg2 Nge7 8. 0-0 Ng6 9. Re1 Qc7 10. Qe2 Be7 11. h4 0-0-0 12. h5 Nf8 13. Nf1 Nd7 14. Bf4 Rdf8 15. c3 g5 16. hxg6 hxg6 17. Qd2 Rh5 18. g4 Rh7 19. g5 Rfh8 20. Ne3 Bf8 21. Nxd5 exd5 22. e6 Bd6 23. exd7+ Kxd7 24. Bxd6 Qxd6 25. d4 Nd8 26. Ne5+ Kc7 27. Re3 Ne6 28. Rf3 Qe7 29. Rf6 Kb8 30. Qe3 Qc7 31. Rd1 Re8 32. Qg3 Ka8 33. f4 cxd4 34. cxd4 Qc2 35. Qd3 Qxb2 36. Nxf7 Rh4 37. Qg3 Qe2 38. Re1 Nxf4 39. Rxf4 Qxe1+ 40. Qxe1 Rxe1+ 0-1

[Event "Fagernes Norsk op"]
[Site "Fagernes"]
[Date "2013.03.24"]
[Round "2"]
[White "Lobersli, Henrik Oie"]
[Black "Mundal, Arnold"]
[Result "1-0"]
[WhiteElo "1805"]
[BlackElo "2005"]
[PlyCount "47"]
[EventDate "2013.03.24"]
[EventType "swiss"]
[EventRounds "9"]
[EventCountry "NOR"]
[SourceTitle "CBM 153 Extra"]
[Source "ChessBase"]
[SourceDate "2013.04.22"]
[SourceVersion "1"]
[SourceVersionDate "2013.04.22"]
[SourceQuality "1"]

1. d4 Nf6 2. c4 d5 3. Nf3 c6 4. e3 Bg4 5. Qb3 Qc8 6. Nc3 Bxf3 7. gxf3 e6 8. Bd2 Bd6 9. e4 dxc4 10. Bxc4 Be7 11. Rg1 0-0 12. 0-0-0 Rd8 13. Bg5 b5 14. Bd3 Qb7 15. f4 a5 16. Kb1 Rxd4 17. e5 Rb4 18. exf6 Rxb3 19. fxe7 Na6 20. Bc2 Rxb2+ 21. Kxb2 Nc7 22. Rd8+ Ne8 23. Ne4 f6 24. Bxf6 1-0

[Event "Fagernes Norsk op"]
[Site "Fagernes"]
[Date "2013.03.24"]
[Round "1"]
[White "Mundal, Arnold"]
[Black "Volkov, Sergey"]
[Result "0-1"]
[WhiteElo "2005"]
[BlackElo "2593"]
[PlyCount "94"]
[EventDate "2013.03.24"]
[EventType "swiss"]
[EventRounds "9"]
[EventCountry "NOR"]
[SourceTitle "CBM 153 Extra"]
[Source "ChessBase"]
[SourceDate "2013.04.22"]
[SourceVersion "1"]
[SourceVersionDate "2013.04.22"]
[SourceQuality "1"]

1. d4 d5 2. g3 c5 3. Nf3 cxd4 4. Nxd4 e5 5. Nb3 Nc6 6. Bg2 Be6 7. 0-0 Nf6 8. Nc3 Be7 9. Bg5 e4 10. Nb5 0-0 11. N5d4 h6 12. Be3 Bd7 13. Nxc6 bxc6 14. Nc5 Bf5 15. b4 a5 16. a3 Qc8 17. c3 Bh3 18. Bd4 Qf5 19. Qd2 Qh5 20. Nb7 axb4 21. axb4 Ng4 22. f3 Bxg2 23. fxg4 Qh3 24. Rfd1 e3 25. Qxe3 Be4 26. Qf2 Rxa1 27. Rxa1 f5 28. Qf1 Qxg4 29. Nc5 f4 30. Nxe4 dxe4 31. Qg2 f3 32. exf3 exf3 33. Qf2 h5 34. Rf1 h4 35. Kh1 Rf7 36. Rg1 Qe4 37. Re1 Qd5 38. Re5 hxg3 39. hxg3 Qb3 40. Re1 g5 41. Kg1 Bf6 42. Re8+ Kg7 43. g4 Qd5 44. Kf1 Qc4+ 45. Ke1 c5 46. bxc5 Qb5 47. Ra8 Re7+ 0-1

[Event "Fagernes Norsk op"]
[Site "Fagernes"]
[Date "2013.03.24"]
[Round "4"]
[White "Satre, Mathias"]
[Black "Mundal, Arnold"]
[Result "1-0"]
[WhiteElo "1779"]
[BlackElo "2005"]
[PlyCount "87"]
[EventDate "2013.03.24"]
[EventType "swiss"]
[EventRounds "9"]
[EventCountry "NOR"]
[SourceTitle "CBM 153 Extra"]
[Source "ChessBase"]
[SourceDate "2013.04.22"]
[SourceVersion "1"]
[SourceVersionDate "2013.04.22"]
[SourceQuality "1"]

1. e4 e6 2. d4 b6 3. c4 c6 4. Nc3 Bb7 5. Nf3 d6 6. Bd3 Nd7 7. 0-0 e5 8. d5 Ngf6 9. Bd2 g6 10. Rc1 Bg7 11. b4 0-0 12. Qa4 Nb8 13. Rc2 a5 14. h3 axb4 15. Qxb4 Na6 16. Qb2 Nc5 17. Ne1 b5 18. dxc6 Bxc6 19. cxb5 Bxe4 20. Nxe4 Nfxe4 21. Be3 Nxd3 22. Nxd3 Qa5 23. b6 Rab8 24. Nb4 Qb5 25. Nc6 Qxb2 26. Rxb2 Rb7 27. Na5 Rbb8 28. b7 Nc5 29. Bxc5 dxc5 30. Nc6 e4 31. Rb3 f5 32. Nxb8 Rxb8 33. Rfb1 Kf7 34. Ra3 Ke7 35. Ra8 Be5 36. Rxb8 Bxb8 37. Rd1 Ba7 38. Kf1 Bb8 39. a4 Ke8 40. a5 Ke7 41. a6 Ba7 42. Ke2 Bb8 43. Ra1 Ba7 44. b8Q 1-0

[Event "EU-chT Seniors"]
[Site "Rogaska Slatina"]
[Date "2012.04.02"]
[Round "7.19"]
[White "Mundal, Arnold"]
[Black "McKerracher, Douglas"]
[Result "1/2-1/2"]
[WhiteElo "2013"]
[BlackElo "2015"]
[PlyCount "88"]
[EventDate "2012.03.27"]
[EventType "team-swiss"]
[EventRounds "9"]
[EventCountry "SLO"]
[SourceTitle "CBM 147 Extra"]
[Source "ChessBase"]
[SourceDate "2012.04.24"]
[SourceVersion "1"]
[SourceVersionDate "2012.04.24"]
[SourceQuality "1"]
[WhiteTeam "Norway (Seniors) V"]
[BlackTeam "Scotland (Seniors) II"]
[WhiteTeamCountry "NOR"]
[BlackTeamCountry "SCO"]

1. Nf3 f5 2. d4 Nf6 3. c4 e6 4. Nc3 d5 5. e3 c6 6. Bd3 Bd6 7. Qc2 Ne4 8. 0-0 0-0 9. c5 Bc7 10. b4 Bd7 11. Rb1 Be8 12. Ne2 Nd7 13. Bb2 Qf6 14. Ng3 g5 15. Kh1 g4 16. Ne5 Nxg3+ 17. hxg3 Nxe5 18. dxe5 Bxe5 19. f4 Bxb2 20. Rxb2 h5 21. Kg1 h4 22. Kf2 hxg3+ 23. Kxg3 Kg7 24. Rbb1 Bd7 25. Qb2 Rh8 26. a4 a6 27. Qd4 Kf7 28. Rh1 Rae8 29. Qe5 Qxe5 30. fxe5 Ke7 31. Kf4 Kd8 32. Ra1 Kc7 33. Rac1 Ra8 34. g3 Rab8 35. Rcg1 Kd8 36. Bf1 Ke7 37. Bg2 Kf7 38. Bf1 Kg7 39. Bg2 Rxh1 40. Rxh1 Rh8 41. Kg5 Rxh1 42. Bxh1 Kf7 43. Bg2 Ke7 44. Kg6 Be8+ 1/2-1/2

[Event "NOR-chT Clubs"]
[Site "Drammen"]
[Date "2010.10.09"]
[Round "4"]
[White "Andersen, Oystein R"]
[Black "Mundal, Arnold"]
[Result "0-1"]
[WhiteElo "1867"]
[BlackElo "1794"]
[PlyCount "76"]
[EventDate "2010.10.08"]
[EventType "team"]
[EventRounds "6"]
[EventCountry "NOR"]
[SourceTitle "EXT 2015"]
[Source "ChessBase"]
[SourceDate "2014.11.20"]
[SourceVersion "1"]
[SourceVersionDate "2014.11.20"]
[SourceQuality "1"]
[WhiteTeam "Black Knights II"]
[BlackTeam "Valerenga"]
[WhiteTeamCountry "NOR"]
[BlackTeamCountry "NOR"]

1. c4 Nf6 2. Nf3 b6 3. d4 Bb7 4. Nc3 e6 5. Qc2 c5 6. Bg5 Bxf3 7. gxf3 cxd4 8. Nb5 Nc6 9. 0-0-0 e5 10. f4 a6 11. fxe5 axb5 12. exf6 gxf6 13. cxb5 Ne7 14. Bxf6 Rc8 15. Bxh8 Rxc2+ 16. Kxc2 Qa8 17. Rg1 Qa4+ 18. Kd2 Bh6+ 19. e3 dxe3+ 20. fxe3 Bxe3+ 21. Kxe3 Qxd1 22. Kf2 Ng6 23. Bc3 Qd5 24. Rg3 f5 25. Rd3 Qc5+ 26. Bd4 Qc2+ 27. Kg1 Qc7 28. Re3+ Kf7 29. Rc3 Qd6 30. Bc4+ Kf8 31. Rd3 Qf4 32. Bb3 Ne5 33. Bxe5 Qxe5 34. Rxd7 Qe3+ 35. Kg2 f4 36. Bd5 Qe2+ 37. Kh3 Qh5+ 38. Kg2 Qg4+ 0-1